000 00660nam a2200241Ia 4500
003 OSt
005 20220928112110.0
006 a|||||r|||| 00| 0
007 ta
008 220927b |||||||| |||| 00| 0 eng d
024 _a70586
037 _cTextual
040 _aSDCL
_cSDCL
_beng
041 _2eng
_aeng
082 _aY5926.2'P, P6
100 _aPrasad Chandra Bhan
_9426337
245 0 _aDalit phobia
_b Why do they hate us
260 _aNew Delhi
_bVitasta Publishing
_c2006
300 _aix,228p
_ccm.
650 _aSudra India
_9426338
942 _hY5926.2'P, P6
_cTEXL
_2CC
999 _c743304
_d743304